| Tag |
First Indicator |
Second Indicator |
Subfields |
| LEADER |
00000cam a22000001a 4500 |
| 001 |
in00004100560 |
| 005 |
20200117091317.0 |
| 006 |
m d f |
| 007 |
cr bn mmmapmmp |
| 008 |
100706s2010 dcua o f000 0 eng d |
| 035 |
|
|
|a chdc201000136
|
| 040 |
|
|
|a UMI
|c UMI
|d UtOrBLW
|
| 042 |
|
|
|a pcc
|
| 043 |
|
|
|a n-us---
|
| 074 |
|
|
|a 1012-C-01
|
| 086 |
0 |
|
|a Y 4.AR 5/2A:2009-2010/40
|
| 088 |
|
|
|a H.A.S.C. no. 111-40
|
| 110 |
1 |
|
|a United States.
|b Congress.
|b House.
|b Committee on Armed Services.
|b Subcommittee on Military Personnel.
|0 http://id.loc.gov/authorities/names/n80013270
|
| 245 |
1 |
0 |
|a Improving recovery and full accounting of POW/MIA personnel from all past conflicts :
|b hearing before the Military Personnel Subcommittee of the Committee on Armed Services, House of Representatives, One Hundred Eleventh Congress, first session, hearing held, April 2, 2009.
|
| 264 |
|
1 |
|a Washington :
|b U.S. G.P.O.,
|c 2010.
|
| 264 |
|
2 |
|a Washington :
|b For sale by the Supt. of Docs., U.S. G.P.O.
|
| 300 |
|
|
|a iv, 255 pages :
|b illustrations, digital, PDF file.
|
| 336 |
|
|
|a text
|b txt
|2 rdacontent
|
| 337 |
|
|
|a computer
|b c
|2 rdamedia
|
| 338 |
|
|
|a online resource
|b cr
|2 rdacarrier
|
| 500 |
|
|
|a Shipping list no: 2010-0147-P.
|
| 500 |
|
|
|a "H.A.S.C. number 111-40."
|
| 500 |
|
|
|a Record is based on bibliographic data in ProQuest Congressional Hearings Digital Collection. Reuse except for individual research requires license from ProQuest, LLC.
|
| 500 |
|
|
|a Electronic resource.
|
| 533 |
|
|
|a Electronic reproduction.
|b [Bethesda, Md.] :
|c ProQuest,
|d 2010.
|e digital, PDF file.
|n ProQuest U.S. Congressional Hearings Digital Collection.
|n Mode of access: World Wide Web via ProQuest website.
|
| 538 |
|
|
|a System requirements: PDF reader software.
|
| 650 |
|
0 |
|a Prisoners of war
|x Government policy
|z United States.
|
| 650 |
|
0 |
|a Missing in action
|x Government policy
|z United States.
|
| 650 |
|
0 |
|a Families of prisoners of war
|x Services for
|z United States.
|
| 776 |
0 |
8 |
|i Print version:
|a United States. Congress. House. Committee on Armed Services. Subcommittee on Military Personnel.
|t Improving recovery and full accounting of POW/MIA personnel from all past conflicts
|w 9780160853234
|w 0160853230
|w (OCoLC)ocn566118972
|z 2010443409
|
| 776 |
0 |
8 |
|i Microfiche version:
|a United States. Congress. House. Committee on Armed Services. Subcommittee on Military Personnel.
|t Improving recovery and full accounting of POW/MIA personnel from all past conflicts
|d [Bethesda, Md.] : ProQuest,[2010]
|o CIS 2010 H201-64
|w (ProQuest)cis01000183
|
| 856 |
4 |
0 |
|u http://proxy.library.tamu.edu/login?url=http://search.proquest.com/congcomp/getdoc?HEARING-ID=HRG-2009-ASH-0010
|y Electronic resource (PDF)
|t 0
|
| 998 |
|
|
|a cis01000183
|
| 999 |
f |
f |
|s dcb372b1-6ac6-3e7b-be17-46d9f97ee286
|i 29dd75e4-eb5a-3695-9339-07f70a4bb94e
|t 0
|
| 952 |
f |
f |
|a Texas A&M University
|b College Station
|c Electronic Resources
|d Available Online
|t 0
|e Y 4.AR 5/2A:2009-2010/40
|h Superintendent of Documents classification
|
| 998 |
f |
f |
|a Y 4.AR 5/2A:2009-2010/40
|t 0
|l Available Online
|